logo

Bir Sreshtho Munshi Abdur Rouf Library
Jhenaidah Cadet College

দ্য প্রাইস অব ইনইকুয়ালিটি: (Record no. 11645)

MARC details
000 -LEADER
fixed length control field 00841nam a2200229 a 4500
001 - CONTROL NUMBER
JCCL Control Number 11645
003 - CONTROL NUMBER IDENTIFIER
JCCL marc code BD-JhCC
005 - DATE AND TIME OF LATEST TRANSACTION
control field 20201015090824.0
008 - FIXED-LENGTH DATA ELEMENTS--GENERAL INFORMATION
fixed length control field 200713b2020 bg |||| ||a| 000 0 mul d
020 ## - INTERNATIONAL STANDARD BOOK NUMBER
International Standard Book Number 979849408277
035 ## - SYSTEM CONTROL NUMBER
system control number (BD-JhCC)11645
040 ## - CATALOGING SOURCE
Original cataloging agency BD-JhCC
Modifying agency BD-JhCC
041 ## - LANGUAGE CODE
Language code of Book mul
082 ## - DEWEY DECIMAL CLASSIFICATION NUMBER
Classification number 305.50973
Author mark and Year PRI 2020
245 ## - TITLE STATEMENT
Title দ্য প্রাইস অব ইনইকুয়ালিটি:
Remainder of title অসমতার খেসারত /
Statement of responsibility, etc অনু: ড. মোহাম্মদ আবদুর রশীদ ।
260 ## - PUBLICATION, DISTRIBUTION, ETC. (IMPRINT)
Place of publication, distribution, etc ঢাকা:
Name of publisher, distributor, etc পাঠক সমাবেশ;
Date of publication, distribution, etc ২০২০.
300 ## - PHYSICAL DESCRIPTION
Pagination 528 p. :
Dimensions 22 cm.
650 ## - SUBJECT ADDED ENTRY--TOPICAL TERM
Topical term or geographic name as entry element Equality
General subdivision Income distribution--Social aspects
Geographic subdivision Economic history
700 ## - ADDED ENTRY--PERSONAL NAME
Personal name রশীদ, মোহাম্মদ আবদুর
942 ## - ADDED ENTRY ELEMENTS (KOHA)
Source of classification or shelving scheme Dewey Decimal Classification
Koha item type Books
Holdings
Source of classification or shelving scheme Damaged status Not for loan Home library Current library Shelving location Date of accession Cost, normal purchase price Total Checkouts Full call number Barcode Date last seen Copy number Koha item type
Dewey Decimal Classification     JCC Rouf Library JCC Rouf Library General Stacks 07/13/2020 596.00   305.50973 PRI 2020 15895 07/13/2020 C-1 Books

JCC Library | Contacts | JCC Home

Last Update on 23 September 2017
Copyright @ 2017-2020 JCC Rouf Library
Rouf Library, Jhenidah Cadet College (JCC), Bangladesh